[Event "Corbins Lleida Nadal op"]
[Site "Corbins"]
[Date "2023.12.29"]
[Round "5"]
[White "Silva Marsa, Gerard"]
[Black "Bosch Carrera, Laia"]
[Result "1/2-1/2"]
[WhiteElo "1795"]
[BlackElo "1532"]
[PlyCount "68"]
[EventDate "2023.12.27"]
[EventType "swiss"]
[EventRounds "8"]
[EventCountry "ESP"]
[SourceTitle "CBM 218 Extra"]
[Source "ChessBase"]
[SourceDate "2024.03.31"]
[SourceVersion "1"]
[SourceVersionDate "2024.03.31"]
[SourceQuality "1"]

1. b3 g6 2. Bb2 Nf6 3. Nf3 Bg7 4. e3 d5 5. Nc3 0-0 6. Ne2 c5 7. Ng3 Bg4 8. Be2 Nc6 9. 0-0 Re8 10. d4 Nh5 11. Nxh5 Bxh5 12. c3 e6 13. Qd2 Bxf3 14. Bxf3 Qa5 15. dxc5 Qxc5 16. c4 Bxb2 17. Qxb2 Nb4 18. cxd5 Nxd5 19. Rac1 Qa5 20. Rfd1 Rad8 21. a3 Rd7 22. b4 Qd8 23. Qe5 Nb6 24. Rxd7 Qxd7 25. Rc7 Qa4 26. Qf6 Rf8 27. h4 Nd5 28. Bxd5 Qd1+ 29. Kh2 Qxd5 30. Rc5 Qd6+ 31. g3 b6 32. h5 h6 33. Rc4 Qd5 34. Rh4 Qg5 1/2-1/2

[Event "Lleida-ch"]
[Site "Leida"]
[Date "2023.10.29"]
[Round "5"]
[White "Blanch Plana, Angel"]
[Black "Silva Marsa, Gerard"]
[Result "1/2-1/2"]
[WhiteElo "1824"]
[BlackElo "1860"]
[PlyCount "54"]
[EventDate "2023.10.01"]
[EventType "swiss"]
[EventRounds "8"]
[EventCountry "ESP"]
[SourceTitle "EXT 2025"]
[Source "ChessBase"]
[SourceDate "2024.10.14"]
[SourceVersion "1"]
[SourceVersionDate "2024.10.14"]
[SourceQuality "1"]

1. e4 c5 2. Nf3 g6 3. Bc4 Nc6 4. c3 Bg7 5. 0-0 d6 6. Qe2 Nf6 7. Rd1 Bg4 8. h3 Bxf3 9. Qxf3 Ne5 10. Bb5+ Nfd7 11. Qe2 a6 12. Ba4 b5 13. Bc2 c4 14. f4 Nc6 15. d4 cxd3 16. Qxd3 Nf6 17. Be3 0-0 18. Nd2 Qc7 19. Nf3 Rfd8 20. Qe2 Na5 21. Bd4 Nh5 22. Bxg7 Kxg7 23. f5 Nc4 24. fxg6 hxg6 25. Bb3 Qc5+ 26. Kh2 Nf4 27. Qe1 Nxb2 1/2-1/2

[Event "Lleida-ch"]
[Site "Leida"]
[Date "2023.10.15"]
[Round "3"]
[White "Marti Trilla, Aleix"]
[Black "Silva Marsa, Gerard"]
[Result "1-0"]
[WhiteElo "1751"]
[BlackElo "1860"]
[PlyCount "47"]
[EventDate "2023.10.01"]
[EventType "swiss"]
[EventRounds "8"]
[EventCountry "ESP"]
[SourceTitle "EXT 2025"]
[Source "ChessBase"]
[SourceDate "2024.10.14"]
[SourceVersion "1"]
[SourceVersionDate "2024.10.14"]
[SourceQuality "1"]

1. e4 c5 2. Nf3 g6 3. d4 cxd4 4. Qxd4 Nf6 5. e5 Nc6 6. Qa4 Nd5 7. Qe4 Nc7 8. Nc3 Bg7 9. Bf4 Ne6 10. Bg3 0-0 11. h4 Nc5 12. Qe3 Qb6 13. 0-0-0 Ne6 14. Qe4 f5 15. exf6 Bxf6 16. h5 Nc5 17. Bc4+ e6 18. Qg4 Bxc3 19. bxc3 Na4 20. Bxe6+ dxe6 21. Qxa4 e5 22. Qc4+ Rf7 23. hxg6 hxg6 24. Rh8+ 1-0

[Event "Vallfogona de Balaguer Farre Mem 2nd"]
[Site "Vallfogona de Balaguer"]
[Date "2023.04.22"]
[Round "2"]
[White "Silva Marsa, Gerard"]
[Black "Pham Guerrero, Sergi"]
[Result "0-1"]
[WhiteElo "1831"]
[BlackElo "2069"]
[PlyCount "49"]
[EventDate "2023.04.15"]
[EventType "swiss"]
[EventRounds "8"]
[EventCountry "ESP"]
[SourceTitle "EXT 2024"]
[Source "ChessBase"]
[SourceDate "2023.10.10"]
[SourceVersion "1"]
[SourceVersionDate "2023.10.10"]
[SourceQuality "1"]

1. e4 c5 2. f4 d5 3. Bb5+ Bd7 4. Bxd7+ Qxd7 5. exd5 Nf6 6. Nf3 Nxd5 7. d4 Nc6 8. c4 Nb6 9. d5 Nd4 10. Nxd4 cxd4 11. Qxd4 Rc8 12. b3 Nxd5 13. Ba3 Qe6+ 14. Kf2 Nf6 15. Rd1 g6 16. Re1 Ng4+ 17. Kf1 Nxh2+ 18. Kf2 Ng4+ 19. Kf1 Qf6 20. Qxa7 Qxf4+ 21. Ke2 Bg7 22. Qa4+ Kf8 23. Qd7 Re8 24. Rf1 Qe4+ 25. Kd2 0-1

[Event "Lleida Regional-ch"]
[Site "Lleida"]
[Date "2022.11.20"]
[Round "7"]
[White "Perez Cabas, Jose"]
[Black "Silva Marsa, Gerard"]
[Result "0-1"]
[WhiteElo "1998"]
[BlackElo "1491"]
[PlyCount "92"]
[EventDate "2022.10.02"]
[EventType "swiss"]
[EventRounds "8"]
[EventCountry "ESP"]
[SourceTitle "EXT 2024"]
[Source "ChessBase"]
[SourceDate "2023.10.10"]
[SourceVersion "1"]
[SourceVersionDate "2023.10.10"]
[SourceQuality "1"]

1. e4 c5 2. Nf3 g6 3. d4 cxd4 4. Qxd4 Nf6 5. e5 Nc6 6. Qf4 Nd5 7. Qe4 Nc7 8. Bf4 Bg7 9. Nc3 Ne6 10. Bg3 0-0 11. Bc4 Nc5 12. Qe2 a6 13. 0-0-0 b5 14. Bb3 Nxb3+ 15. axb3 Qa5 16. Kb1 Nb4 17. Nd4 Bb7 18. f3 Rac8 19. Qe3 Rc5 20. h4 Rfc8 21. h5 d6 22. hxg6 hxg6 23. e6 Rxc3 24. exf7+ Kf8 25. bxc3 Bxd4 26. Qh6+ Bg7 27. Qxg6 Qa2+ 28. Kc1 Qa1+ 29. Kd2 Qxc3+ 30. Ke2 Qxc2+ 31. Qxc2 Rxc2+ 32. Rd2 Rxd2+ 33. Kxd2 Bd5 34. Bh4 Kxf7 35. g4 Nc6 36. Rf1 Bxb3 37. f4 a5 38. f5 a4 39. g5 a3 40. f6 exf6 41. gxf6 Bh6+ 42. Kc3 Bc4 43. Re1 a2 44. Kb2 d5 45. Rd1 Bf4 46. Be1 b4 0-1

[Event "Lleida Regional-ch"]
[Site "Lleida"]
[Date "2022.11.13"]
[Round "6"]
[White "Benseny Martinez, Guerau"]
[Black "Silva Marsa, Gerard"]
[Result "1-0"]
[WhiteElo "1890"]
[BlackElo "1491"]
[PlyCount "49"]
[EventDate "2022.10.02"]
[EventType "swiss"]
[EventRounds "8"]
[EventCountry "ESP"]
[SourceTitle "EXT 2024"]
[Source "ChessBase"]
[SourceDate "2023.10.10"]
[SourceVersion "1"]
[SourceVersionDate "2023.10.10"]
[SourceQuality "1"]

1. d4 Nf6 2. Nc3 e6 3. e4 Bb4 4. e5 Nd5 5. Bd2 Bxc3 6. bxc3 c5 7. Qg4 Kf8 8. Nf3 Nc6 9. Bc4 cxd4 10. cxd4 d6 11. 0-0 dxe5 12. dxe5 f6 13. exf6 Nxf6 14. Qf4 Bd7 15. Rfe1 Qb8 16. Qe3 h6 17. Bxe6 Bxe6 18. Qxe6 Qc8 19. Qb3 Qc7 20. Ne5 Nxe5 21. Bb4+ Ke8 22. Qe6+ Kd8 23. Rxe5 Nd7 24. Be7+ Kc8 25. Rc5 1-0

[Event "Lleida Regional-ch"]
[Site "Lleida"]
[Date "2022.10.23"]
[Round "4"]
[White "Silva Marsa, Gerard"]
[Black "Subarroca Blanch, Francesco"]
[Result "1/2-1/2"]
[WhiteElo "1491"]
[BlackElo "1822"]
[PlyCount "109"]
[EventDate "2022.10.02"]
[EventType "swiss"]
[EventRounds "8"]
[EventCountry "ESP"]
[SourceTitle "EXT 2024"]
[Source "ChessBase"]
[SourceDate "2023.10.10"]
[SourceVersion "1"]
[SourceVersionDate "2023.10.10"]
[SourceQuality "1"]

1. e4 c5 2. Nf3 d6 3. d4 cxd4 4. Nxd4 Nc6 5. Nc3 g6 6. Be3 Bg7 7. Qd2 Nf6 8. f3 0-0 9. 0-0-0 a6 10. g4 Bd7 11. h4 h5 12. gxh5 Nxh5 13. Nxc6 bxc6 14. Bh6 Qa5 15. Bxg7 Kxg7 16. Rg1 Qe5 17. Bd3 Qf4 18. Qxf4 Nxf4 19. Ne2 Nxe2+ 20. Bxe2 Rh8 21. Rh1 a5 22. f4 Rh6 23. Rdg1 Rah8 24. h5 Kf6 25. Rg5 e5 26. Rhg1 gxh5 27. fxe5+ dxe5 28. R5g2 h4 29. Rf2+ Ke7 30. Bc4 R8h7 31. Rh2 Rg6 32. Rf1 h3 33. Rff2 Rg4 34. Bf1 Rxe4 35. Bd3 Rhh4 36. Bxe4 Rxe4 37. Kd2 Rh4 38. Rf3 Bg4 39. Ra3 f5 40. Rxa5 Ke6 41. a4 Bf3 42. Ra8 Bg2 43. a5 Rd4+ 44. Kc3 Ra4 45. b3 Rd4 46. a6 Rd7 47. a7 Re7 48. Kc4 f4 49. Kc5 f3 50. Kb6 f2 51. Rf8 Rxa7 52. Rxf2 Rg7 53. Kc5 Rg3 54. c4 e4 55. Re2 1/2-1/2